Сид : (Record no. 537637)
[ view plain ]
| 000 -LEADER | |
|---|---|
| fixed length control field | 01203nam a2200277 a 4500 |
| 001 - CONTROL NUMBER | |
| control field | 1458951 |
| 003 - CONTROL NUMBER IDENTIFIER | |
| control field | AM-YEHGA |
| 005 - DATE AND TIME OF LATEST TRANSACTION | |
| control field | 20260224141215.0 |
| 008 - FIXED-LENGTH DATA ELEMENTS--GENERAL INFORMATION | |
| fixed length control field | 190221s1903 ru |||||r|||||000|1|rus|d |
| 040 ## - CATALOGING SOURCE | |
| Original cataloging agency | AM-YEHGA |
| 041 1# - LANGUAGE CODE | |
| Language code of text/sound track or separate title | rus |
| Language code of original | fre |
| 044 ## - COUNTRY OF PUBLISHING/PRODUCING ENTITY CODE | |
| Linkage | 84-2 |
| 100 1# - MAIN ENTRY--PERSONAL NAME | |
| Personal name | Корнель, Пьер, |
| Dates associated with a name | 1606-1684 |
| 245 10 - TITLE STATEMENT | |
| Title | Сид : |
| Remainder of title | (Le Cid) : Трагедия в 5 актах Корнеля / |
| Statement of responsibility, etc. | Пер. с французского в стихах В.С. Лихачова. |
| 246 11 - VARYING FORM OF TITLE | |
| Title proper/short title | (Le Cid) |
| 250 ## - EDITION STATEMENT | |
| Edition statement | 2-е изд. |
| 260 ## - PUBLICATION, DISTRIBUTION, ETC. | |
| Place of publication, distribution, etc. | Санкт-Петербург : |
| Name of publisher, distributor, etc. | Изд. А.С. Суворина, |
| Date of publication, distribution, etc. | [1903 (ценз. )]. |
| 300 ## - PHYSICAL DESCRIPTION | |
| Extent | 99 с. : |
| Dimensions | 15 см. |
| 490 #0 - SERIES STATEMENT | |
| Series statement | Дешевая библиотека ; |
| Volume/sequential designation | № 222 |
| 546 ## - LANGUAGE NOTE | |
| Language note | Дореформенная орфография |
| 650 14 - SUBJECT ADDED ENTRY--TOPICAL TERM | |
| Topical term or geographic name entry element | Художественная литература |
| Geographic subdivision | Франция -- Французская литература |
| 650 14 - SUBJECT ADDED ENTRY--TOPICAL TERM | |
| Topical term or geographic name entry element | Французская литература |
| Chronological subdivision | 17 в. |
| General subdivision | Драматургия |
| 650 14 - SUBJECT ADDED ENTRY--TOPICAL TERM | |
| Topical term or geographic name entry element | Французская драматургия |
| Chronological subdivision | 17 в. |
| 700 1# - ADDED ENTRY--PERSONAL NAME | |
| Personal name | Лихачев, Владимир Сергеевич, |
| Dates associated with a name | 1849-1910 |
| Relator term | пер. |
| Relationship | trl |
| 942 ## - ADDED ENTRY ELEMENTS (KOHA) | |
| Source of classification or shelving scheme | Universal Decimal Classification |
| Koha item type | Գրքեր / Books |
| Withdrawn status | Lost status | Damaged status | Not for loan | Collection | Home library | Current library | Date acquired | Total checkouts | Full call number | Barcode | Date last seen | Price effective from | Koha item type | Public note |
|---|---|---|---|---|---|---|---|---|---|---|---|---|---|---|
| Kusikian Individual Collection | Fundamental Scientific Library | Fundamental Scientific Library | 03/10/2025 | Кус/4545 | FL0697764 | 03/10/2025 | 03/10/2025 | Գրքեր / Books | ILL Non-Circ. |
ՀՀ Գիտությունների ազգային ակադեմիայի հիմնարար գիտական գրադարան = Fundamental Scientific Library of NAS RA
All site content, except where otherwise noted, is licensed under a